鉄軌分界点のある駅 - Statistics

General Stats
  • This quiz has been taken 45 times
  • The average score is 7 of 17
Answer Stats
事業者 駅名 % Correct
ゆりかもめ お台場海浜公園
66%
ゆりかもめ 日の出
59%
ゆりかもめ 東京ビッグサイト
51%
大阪市高速電気軌道 大阪港
51%
ゆりかもめ テレコムセンター
49%
富山地方鉄道 奥田中学校前
49%
広島高速交通 県庁前
46%
福井鉄道 赤十字前
44%
大阪市高速電気軌道 中ふ頭
44%
近畿日本鉄道 新石切
41%
大阪市高速電気軌道 トレードセンター前
32%
大阪市高速電気軌道 フェリーターミナル
32%
神戸新交通 中公園
32%
神戸新交通 アイランド北口
24%
神戸新交通 ポートターミナル
20%
神戸新交通 南魚崎
20%
神戸新交通 南公園
17%
No matching quizzes found
Score Distribution
Percent of People with Each Score
Percentile by Number Answered
Your Score History
You have not taken this quiz